A cafeteria rendszer kialakításában résztvevő szempontok vizsgálata, a választható elemek bemutatása

Bibliográfiai részletek
Szerző: Nagy Katalin
További közreműködők: Szászvári Dr. Karina Ágnes
Dokumentumtípus: Projektmunka
Kulcsszavak:Ösztönzésmenedzsment
Cafeteria rendszer
Béren kívüli juttatások
Online Access:http://dolgozattar.uni-bge.hu/11623

MARC

LEADER 00000nnm a2200000 i 4500
001 dolg11623
005 20170516134114.0
008 170516suuuu hu o 000 hun d
040 |a BGE Dolgozattár Repozitórium  |b hun 
041 |a hu 
100 1 |a Nagy Katalin 
245 1 2 |a A cafeteria rendszer kialakításában résztvevő szempontok vizsgálata, a választható elemek bemutatása  |c Nagy Katalin  |h [elektronikus dokumentum] 
246 1 1 |a A cafeteria rendszer kialakításában résztvevő szempontok vizsgálata, a választható elemek bemutatása 
516 |a Project_work 
695 |a Ösztönzésmenedzsment 
695 |a Cafeteria rendszer 
695 |a Béren kívüli juttatások 
700 1 |a Szászvári Dr. Karina Ágnes  |e ths 
856 4 0 |u http://dolgozattar.uni-bge.hu/11623/1/z%C3%A1r%C3%B3dolgozat.pdf  |z Dokumentum-elérés